[Event "Malmo op"]
[Site "Malmo"]
[Date "2018.12.14"]
[Round "1"]
[White "Melin, Jan"]
[Black "Lofgren, John"]
[Result "0-1"]
[WhiteElo "1330"]
[BlackElo "1597"]
[PlyCount "56"]
[EventDate "2018.12.14"]
[EventType "swiss"]
[EventRounds "8"]
[EventCountry "SWE"]
[SourceTitle "CBM 187 Extra"]
[Source "ChessBase"]
[SourceDate "2018.11.04"]
[SourceVersion "1"]
[SourceVersionDate "2018.11.04"]
[SourceQuality "1"]

1. c4 Nf6 2. Nc3 e5 3. g3 Bc5 4. e3 c6 5. Bg2 d5 6. d4 exd4 7. exd4 Bb4 8. Bd2 dxc4 9. Nf3 Bg4 10. 0-0 0-0 11. Ne4 Bxf3 12. Bxf3 Bxd2 13. Qxd2 Nxe4 14. Bxe4 Re8 15. Rfe1 Nd7 16. Qf4 Nf6 17. Bg2 Qa5 18. Rxe8+ Rxe8 19. Bf1 Qd5 20. Bg2 Qe6 21. Rd1 Qe2 22. Bf3 Qxb2 23. d5 cxd5 24. Bxd5 Nxd5 25. Rxd5 Qxa2 26. Rd7 c3 27. Qxf7+ Qxf7 28. Rxf7 Kxf7 0-1